01406nam a2200361 a 4500001001200000003000800012006001900020007001500039008004100054010001700095020001500112020001800127020002700145040002100172035002100193050002600214082001500240100002200255245008300277260007100360300001900431490004800450504006400498533015200562650003600714650003100750650002700781655002900808710001700837830004500854856012600899999001901025ebr10722469CaPaEBRm o u cr cn|||||||||020129s2002 dcua sb 001 0 eng d z 2002101375 z0883850338 z9780883850336 z9780883859704 (e-book) aCaPaEBRcCaPaEBR a(OCoLC)81796374714aQA331.7b.D354 2002eb04a515/.92211 aD'Angelo, John P.10aInequalities from complex analysish[electronic resource] /cJohn P. D'Angelo. a[Washington, D.C.] :bMathematical Association of America,cc2002. a264 p. :bill.1 aThe Carus mathematical monographs ;vno. 28 aIncludes bibliographical references (p. 257-259) and index. aElectronic reproduction.bPalo Alto, Calif. :cebrary,d2013.nAvailable via World Wide Web.nAccess may be limited to ebrary affiliated libraries. 0aFunctions of complex variables. 0aInequalities (Mathematics) 0aMathematical analysis. 7aElectronic books.2local2 aebrary, Inc. 0aCarus mathematical monographs ;vno. 28.40uhttp://site.ebrary.com/lib/rucke/Doc?id=10722469zAn electronic book accessible through the World Wide Web; click to view c153601d153601